Power system analysis (Record no. 1347)

000 -LEADER
fixed length control field 00590nam a2200229 a 4500
001 - CONTROL NUMBER
control field 1347
003 - CONTROL NUMBER IDENTIFIER
control field BD-DhUET
008 - FIXED-LENGTH DATA ELEMENTS--GENERAL INFORMATION
fixed length control field 931008s1994 nyua 001 0 eng
020 ## - INTERNATIONAL STANDARD BOOK NUMBER
International Standard Book Number 0070585156
020 ## - INTERNATIONAL STANDARD BOOK NUMBER
International Standard Book Number 0071133380
040 ## - CATALOGING SOURCE
Original cataloging agency DLC
Transcribing agency DLC
Modifying agency BD-DhUET
082 00 - DEWEY DECIMAL CLASSIFICATION NUMBER
Classification number 623.19
Item number GRA/1994
100 1# - MAIN ENTRY--PERSONAL NAME
Personal name Grainger, John J.
245 10 - TITLE STATEMENT
Title Power system analysis
250 ## - EDITION STATEMENT
Edition statement 1st ed.
260 ## - PUBLICATION, DISTRIBUTION, ETC. (IMPRINT)
Place of publication, distribution, etc. New York
Name of publisher, distributor, etc. McGraw-Hill
Date of publication, distribution, etc. 1994
300 ## - PHYSICAL DESCRIPTION
Extent xix, 787 p.
Other physical details ill.
504 ## - BIBLIOGRAPHY, ETC. NOTE
Bibliography, etc Includes bibliographies
650 #0 - SUBJECT ADDED ENTRY--TOPICAL TERM
Topical term or geographic name as entry element Electric power systems-Management
700 1# - ADDED ENTRY--PERSONAL NAME
Personal name Stevenson, William D.
942 ## - ADDED ENTRY ELEMENTS (KOHA)
Koha item type General Book
Holdings
Koha out on loan Date acquired Damaged status Koha date last borrowed Lost status Piece designation (barcode) Koha renewals Koha normalized classification for sorting Shelving location Copy number Withdrawn status Not for loan Koha item type Koha issues (times borrowed) Koha date last seen Source of classification or shelving scheme Price effective from Location (home branch) Sublocation or collection (holding branch) Koha full call number
 2014-09-03 2024-03-04 103960 623_000000000000000_19GRA1994Circulation section1  General Book52024-06-01 2014-09-03Central Library, BUETCentral Library, BUET623.19/GRA/1994
 2014-09-03 2019-05-06 103961 623_000000000000000_19GRA1994Circulation section2  General Book12020-01-14 2014-09-03Central Library, BUETCentral Library, BUET623.19/GRA/1994
 2014-09-03 2025-07-13 1039621623_000000000000000_19GRA1994Circulation section3  General Book32025-11-03 2014-09-03Central Library, BUETCentral Library, BUET623.19/GRA/1994
 2014-09-03 2019-10-21 103963 623_000000000000000_19GRA1994Circulation section4  General Book12025-04-22 2014-09-03Central Library, BUETCentral Library, BUET623.19/GRA/1994
2023-12-112014-09-03 2023-11-27 103964 623_000000000000000_19GRA1994Circulation section5  General Book12023-11-27 2014-09-03Central Library, BUETCentral Library, BUET623.19/GRA/1994
 2014-09-03   103965 623_000000000000000_19GRA1994Circulation section6  General Book 2016-01-26 2014-09-03Central Library, BUETCentral Library, BUET623.19/GRA/1994
 2014-09-03 2021-02-13 1039662623_000000000000000_19GRA1994Circulation section7  General Book12021-12-13 2014-09-03Central Library, BUETCentral Library, BUET623.19/GRA/1994
2023-02-062014-09-03 2022-02-06 103967 623_000000000000000_19GRA1994Circulation section8  General Book22022-02-06 2014-09-03Central Library, BUETCentral Library, BUET623.19/GRA/1994
2025-05-172014-09-03 2025-05-03 103968 623_000000000000000_19GRA1994Circulation section9  General Book52025-05-03 2014-09-03Central Library, BUETCentral Library, BUET623.19/GRA/1994
 2015-06-21   89529 623_190000000000000_GRA_1994Reading section10  Reading Item 2015-06-21 2015-06-21Central Library, BUETCentral Library, BUET623.19/GRA/1994
 2015-06-21   91138 623_190000000000000_GRA_1994Reading section11  Reading Item 2015-06-21 2015-06-21Central Library, BUETCentral Library, BUET623.19/GRA/1994
 2015-07-02   90777 623_190000000000000_GRA_1994Reading section12  Reading Item 2015-07-02 2015-07-02Central Library, BUETCentral Library, BUET623.19/GRA/1994